Statistics for Click The 15 Smallest European Countries On A Map

Click here to take the quiz!

General Stats

  • This quiz has been taken 207 times
  • The average score is 13 of 15

Answers on the Map

Answers color-coded by a green-red scale on the quiz's map according to % correct below.
 

Answer Stats

Answer% Correct
Malta
95%
Andorra
92%
Netherlands
92%
San Marino
92%
Vatican City
91%
Belgium
90%
Luxembourg
90%
Monaco
90%
Moldova
88%
Liechtenstein
87%
Albania
86%
Slovenia
85%
North Macedonia
84%
Montenegro
80%
Kosovo
76%

Score Distribution

Percentile by Number Answered

Percent of People with Each Score

Your Score History

You have not taken this quiz